[Event "Greek Team Championship"]
[Site "chess24.com"]
[Date "2017.07.06"]
[Round "5"]
[White "Papadopoulos, Spyridonas"]
[Black "Deligiannis, Christos Nikolaos"]
[Result "1/2-1/2"]
[Board "9"]
[WhiteElo "1365"]
[WhiteCountry "GRE"]
[WhiteFideId "25846469"]
[WhiteEloChange "7"]
[BlackElo "1650"]
[BlackCountry "GRE"]
[BlackFideId "25820249"]
[BlackEloChange "-7"]

1. e4 {[%clk 1:30:57]} c5 {[%clk 1:30:56]} 2. c3 {[%clk 1:31:04]} d5 {[%clk
1:31:19]} 3. exd5 {[%clk 1:30:54]} Qxd5 {[%clk 1:31:44]} 4. d4 {[%clk 1:31:13]}
Nc6 {[%clk 1:31:41]} 5. Nf3 {[%clk 1:28:37]} Bg4 {[%clk 1:31:36]} 6. Be2 {[%clk
1:27:55]} Nf6 {[%clk 1:26:22]} 7. O-O {[%clk 1:25:12]} e6 {[%clk 1:23:38]} 8. Be3
{[%clk 1:24:32]} Be7 {[%clk 1:14:49]} 9. dxc5 {[%clk 1:23:27]} O-O {[%clk
1:14:11]} 10. Nbd2 {[%clk 1:13:55]} Bxc5 {[%clk 1:09:53]} 11. Bxc5 {[%clk
1:14:08]} Qxc5 {[%clk 1:10:20]} 12. Nb3 {[%clk 1:12:48]} Qb6 {[%clk 1:06:35]} 13.
Qc2 {[%clk 0:33:46]} Rac8 {[%clk 1:05:51]} 14. Rad1 {[%clk 0:22:11]} Bf5 {[%clk
1:05:14]} 15. Qd2 {[%clk 0:22:31]} Rfd8 {[%clk 0:47:42]} 16. Qf4 {[%clk 0:21:41]}
Nd5 {[%clk 0:40:37]} 17. Qa4 {[%clk 0:16:36]} Bc2 {[%clk 0:34:04]} 18. Rd2 {[%clk
0:15:27]} Bxb3 {[%clk 0:34:16]} 19. axb3 {[%clk 0:13:32]} Na5 {[%clk 0:25:07]}
20. b4 {[%clk 0:11:53]} Nc4 {[%clk 0:24:30]} 21. Bxc4 {[%clk 0:12:02]} Rxc4
{[%clk 0:24:41]} 22. Rfd1 {[%clk 0:09:53]} h6 {[%clk 0:19:50]} 23. Ne5 {[%clk
0:06:44]} Re4 {[%clk 0:15:19]} 24. Nd7 {[%clk 0:04:17]} Qc7 {[%clk 0:14:59]} 25.
Nc5 {[%clk 0:04:13]} Qxc5 {[%clk 0:14:59]} 26. Qc2 {[%clk 0:02:30]} Rxb4 {[%clk
0:03:04]} 27. cxb4 {[%clk 0:02:52]} Qxc2 {[%clk 0:02:29]} 28. Rxc2 {[%clk
0:03:12]} Kf8 {[%clk 0:01:47]} 29. Rc7 {[%clk 0:02:39]} Rb8 {[%clk 0:01:15]} 30.
Rc4 {[%clk 0:02:38]} Ke7 {[%clk 0:01:20]} 31. Kf1 {[%clk 0:01:38]} Rd8 {[%clk
0:01:16]} 32. Ke1 {[%clk 0:01:21]} a6 {[%clk 0:01:16]} 33. g3 {[%clk 0:01:10]} g6
{[%clk 0:00:56]} 34. Rdd4 {[%clk 0:01:19]} h5 {[%clk 0:00:47]} 35. Kd2 {[%clk
0:01:16]} Kd6 {[%clk 0:00:40]} 36. Kd3 {[%clk 0:01:11]} Ke5 {[%clk 0:00:42]} 37.
Re4+ {[%clk 0:00:54]} Kf5 {[%clk 0:00:47]} 38. Rc5 {[%clk 0:00:51]} b6 {[%clk
0:01:03]} 39. Rf4+ {[%clk 0:00:58]} Ke5 {[%clk 0:00:39]} 40. Re4+ {[%clk
0:30:59]} Kf5 {[%clk 0:30:46]} 41. Rcc4 {[%clk 0:24:25]} Nxb4+ {[%clk 0:30:51]}
42. Kc3 {[%clk 0:22:32]} a5 {[%clk 0:30:18]} 43. Red4 {[%clk 0:20:49]} Rxd4
{[%clk 0:28:13]} 44. Rxd4 {[%clk 0:21:06]} Nd5+ {[%clk 0:28:26]} 45. Kd2 {[%clk
0:19:47]} 1/2-1/2

[Event "Greek Team Championship"]
[Site "chess24.com"]
[Date "2017.07.06"]
[Round "5"]
[White "Thanatis, Thomas"]
[Black "Apostolidis, Angelos"]
[Result "1-0"]
[Board "10"]
[WhiteElo "1101"]
[WhiteCountry "GRE"]
[WhiteFideId "25839772"]
[WhiteEloChange "12"]
[BlackElo "1156"]
[BlackCountry "GRE"]
[BlackFideId "25814656"]
[BlackEloChange "-12"]

1. e4 {[%clk 1:30:56]} e5 {[%clk 1:30:55]} 2. Nf3 {[%clk 1:31:19]} Nc6 {[%clk
1:30:54]} 3. d4 {[%clk 1:31:41]} exd4 {[%clk 1:08:45]} 4. Nxd4 {[%clk 1:31:12]}
Nxd4 {[%clk 1:09:01]} 5. Qxd4 {[%clk 1:31:25]} Qf6 {[%clk 0:54:08]} 6. e5 {[%clk
1:29:50]} Qc6 {[%clk 0:45:19]} 7. Nc3 {[%clk 1:27:00]} Qc5 {[%clk 0:30:15]} 8.
Be3 {[%clk 1:20:16]} Qxd4 {[%clk 0:24:30]} 9. Bxd4 {[%clk 1:20:27]} c6 {[%clk
0:14:25]} 10. f4 {[%clk 1:20:06]} f6 {[%clk 0:13:10]} 11. Bc4 {[%clk 1:14:14]} d6
{[%clk 0:12:32]} 12. O-O-O {[%clk 1:03:00]} dxe5 {[%clk 0:11:42]} 13. fxe5 {[%clk
1:03:15]} fxe5 {[%clk 0:12:03]} 14. Rhe1 {[%clk 1:03:12]} h6 {[%clk 0:12:03]} 15.
Rxe5+ {[%clk 1:02:07]} Ne7 {[%clk 0:07:19]} 16. Rde1 {[%clk 1:00:52]} Rh7 {[%clk
0:06:35]} 17. Bc5 {[%clk 1:00:54]} g5 {[%clk 0:06:23]} 18. Ne4 {[%clk 1:00:03]}
Rg7 {[%clk 0:05:54]} 19. Nf6+ {[%clk 1:00:20]} Kd8 {[%clk 0:05:38]} 20. Rd1+
{[%clk 1:00:26]} Kc7 {[%clk 0:02:22]} 21. Ne8+ {[%clk 0:59:46]} Kb8 {[%clk
0:02:33]} 22. Bd6# {[%clk 1:00:04]} 1-0

[Event "Greek Team Championship"]
[Site "chess24.com"]
[Date "2017.07.06"]
[Round "5"]
[White "Balogh, Csaba"]
[Black "Tepelenis, Nikolaos"]
[Result "1-0"]
[Board "1"]
[WhiteElo "2641"]
[WhiteTitle "GM"]
[WhiteCountry "HUN"]
[WhiteFideId "718939"]
[WhiteEloChange "1"]
[BlackElo "2084"]
[BlackCountry "GRE"]
[BlackFideId "4207599"]
[BlackEloChange "-2"]

1. e4 {[%clk 1:30:38]} e6 {[%clk 1:30:47]} 2. d4 {[%clk 1:30:37]} d5 {[%clk
1:30:59]} 3. Nd2 {[%clk 1:30:40]} Nf6 {[%clk 1:30:01]} 4. e5 {[%clk 1:30:45]}
Nfd7 {[%clk 1:30:16]} 5. c3 {[%clk 1:30:17]} c5 {[%clk 1:30:16]} 6. f4 {[%clk
1:30:19]} Nc6 {[%clk 1:28:44]} 7. Ndf3 {[%clk 1:30:13]} Qb6 {[%clk 1:28:00]} 8.
a3 {[%clk 1:30:32]} Be7 {[%clk 1:18:07]} 9. h4 {[%clk 1:29:59]} f6 {[%clk
0:54:51]} 10. Bd3 {[%clk 1:28:45]} cxd4 {[%clk 0:44:25]} 11. cxd4 {[%clk
1:29:03]} O-O {[%clk 0:41:41]} 12. Ne2 {[%clk 1:27:51]} Kh8 {[%clk 0:39:01]} 13.
b4 {[%clk 1:26:31]} Nxd4 {[%clk 0:26:16]} 14. Nexd4 {[%clk 1:25:27]} fxe5 {[%clk
0:26:29]} 15. fxe5 {[%clk 1:25:24]} Nxe5 {[%clk 0:26:12]} 16. Nxe5 {[%clk
1:24:54]} Qxd4 {[%clk 0:26:08]} 17. Qh5 {[%clk 1:25:16]} Bxh4+ {[%clk 0:13:05]}
18. Kd1 {[%clk 1:19:45]} 1-0

[Event "Greek Team Championship"]
[Site "chess24.com"]
[Date "2017.07.06"]
[Round "5"]
[White "Papageorgiou, Ioannis"]
[Black "Tzermiadianos, Andreas"]
[Result "0-1"]
[Board "2"]
[WhiteElo "1980"]
[WhiteCountry "GRE"]
[WhiteFideId "4220056"]
[WhiteEloChange "-2"]
[BlackElo "2428"]
[BlackTitle "IM"]
[BlackCountry "GRE"]
[BlackFideId "4200853"]
[BlackEloChange "1"]

1. e4 {[%clk 1:30:21]} c5 {[%clk 1:30:28]} 2. Nf3 {[%clk 1:30:43]} Nc6 {[%clk
1:30:48]} 3. d4 {[%clk 1:31:04]} cxd4 {[%clk 1:31:11]} 4. Nxd4 {[%clk 1:31:31]}
e5 {[%clk 1:31:35]} 5. Nf3 {[%clk 1:30:52]} Nf6 {[%clk 1:30:45]} 6. Bd3 {[%clk
1:30:39]} d5 {[%clk 1:17:00]} 7. exd5 {[%clk 1:21:28]} Nxd5 {[%clk 1:05:38]} 8.
Qe2 {[%clk 1:09:02]} f6 {[%clk 1:01:21]} 9. a3 {[%clk 1:06:10]} Be6 {[%clk
1:00:13]} 10. O-O {[%clk 1:03:52]} g5 {[%clk 0:51:59]} 11. c4 {[%clk 0:55:46]}
Nf4 {[%clk 0:51:54]} 12. Bxf4 {[%clk 0:56:00]} gxf4 {[%clk 0:52:19]} 13. Rd1
{[%clk 0:55:52]} Qe7 {[%clk 0:39:25]} 14. Be4 {[%clk 0:43:27]} Rg8 {[%clk
0:37:27]} 15. Nc3 {[%clk 0:38:17]} Qg7 {[%clk 0:37:18]} 16. Ne1 {[%clk 0:30:05]}
Bc5 {[%clk 0:23:29]} 17. b4 {[%clk 0:11:23]} Nd4 {[%clk 0:21:33]} 18. Qh5+ {[%clk
0:11:08]} Bf7 {[%clk 0:21:44]} 19. Qh3 {[%clk 0:11:07]} Be6 {[%clk 0:18:58]} 20.
Qh5+ {[%clk 0:11:23]} Bf7 {[%clk 0:18:39]} 21. Qxh7 {[%clk 0:08:05]} Nf3+ {[%clk
0:18:35]} 22. Kh1 {[%clk 0:08:32]} Rh8 {[%clk 0:18:38]} 23. Qxh8+ {[%clk
0:07:28]} Qxh8 {[%clk 0:18:19]} 24. Nxf3 {[%clk 0:07:37]} Bxf2 {[%clk 0:18:02]}
25. Bxb7 {[%clk 0:07:57]} Rd8 {[%clk 0:17:34]} 26. Bc6+ {[%clk 0:06:32]} Ke7
{[%clk 0:18:03]} 27. Nd5+ {[%clk 0:04:30]} Bxd5 {[%clk 0:16:33]} 28. Bxd5 {[%clk
0:04:11]} f5 {[%clk 0:16:45]} 29. Rf1 {[%clk 0:04:15]} Be3 {[%clk 0:17:02]} 30.
Rad1 {[%clk 0:04:24]} e4 {[%clk 0:17:20]} 31. Ng5 {[%clk 0:01:00]} Qh5 {[%clk
0:17:36]} 32. Nf7 {[%clk 0:00:26]} Rg8 {[%clk 0:17:33]} 33. c5 {[%clk 0:00:55]}
Qe2 {[%clk 0:17:16]} 34. Rg1 {[%clk 0:00:48]} Rxg2 {[%clk 0:17:17]} 0-1

[Event "Greek Team Championship"]
[Site "chess24.com"]
[Date "2017.07.06"]
[Round "5"]
[White "Azis, Azizis Ektoras"]
[Black "Georgiadis, Alexandros"]
[Result "1-0"]
[Board "3"]
[WhiteElo "2218"]
[WhiteTitle "FM"]
[WhiteCountry "GRE"]
[WhiteFideId "4207637"]
[WhiteEloChange "3"]
[BlackElo "1947"]
[BlackCountry "GRE"]
[BlackFideId "4206487"]
[BlackEloChange "-3"]

1. Nf3 {[%clk 1:29:32]} Nf6 {[%clk 1:30:46]} 2. b3 {[%clk 1:29:39]} g6 {[%clk
1:27:19]} 3. Bb2 {[%clk 1:29:57]} Bg7 {[%clk 1:27:39]} 4. g3 {[%clk 1:30:02]} O-O
{[%clk 1:28:03]} 5. Bg2 {[%clk 1:30:29]} d6 {[%clk 1:23:00]} 6. O-O {[%clk
1:27:44]} Nbd7 {[%clk 1:23:01]} 7. Re1 {[%clk 1:27:50]} e5 {[%clk 1:23:02]} 8. e4
{[%clk 1:27:54]} Re8 {[%clk 1:20:13]} 9. d4 {[%clk 1:24:47]} exd4 {[%clk
1:12:48]} 10. Nxd4 {[%clk 1:22:59]} Nc5 {[%clk 1:05:31]} 11. Nc3 {[%clk 1:18:33]}
a5 {[%clk 1:05:42]} 12. h3 {[%clk 1:17:44]} a4 {[%clk 0:59:34]} 13. a3 {[%clk
1:15:01]} axb3 {[%clk 0:59:52]} 14. cxb3 {[%clk 1:15:23]} Bd7 {[%clk 0:55:28]}
15. b4 {[%clk 0:59:42]} Na4 {[%clk 0:55:40]} 16. Nxa4 {[%clk 0:59:50]} Bxa4
{[%clk 0:55:52]} 17. Qc1 {[%clk 0:57:57]} Rc8 {[%clk 0:48:10]} 18. Qc4 {[%clk
0:47:12]} Nd7 {[%clk 0:44:18]} 19. b5 {[%clk 0:32:04]} Nb6 {[%clk 0:43:31]} 20.
Qd3 {[%clk 0:29:05]} Re7 {[%clk 0:35:56]} 21. Rab1 {[%clk 0:28:12]} Qe8 {[%clk
0:36:16]} 22. Bc3 {[%clk 0:25:09]} Ra8 {[%clk 0:36:26]} 23. f4 {[%clk 0:22:02]}
Nd7 {[%clk 0:33:57]} 24. Rb2 {[%clk 0:15:31]} Nc5 {[%clk 0:33:48]} 25. Qb1 {[%clk
0:14:24]} f5 {[%clk 0:25:16]} 26. Rbe2 {[%clk 0:12:32]} Bxd4+ {[%clk 0:25:21]}
27. Bxd4 {[%clk 0:12:54]} Bxb5 {[%clk 0:25:47]} 28. Re3 {[%clk 0:11:32]} Nxe4
{[%clk 0:17:35]} 29. Bxe4 {[%clk 0:11:17]} fxe4 {[%clk 0:17:55]} 30. Rxe4 {[%clk
0:11:12]} Rxe4 {[%clk 0:18:21]} 31. Rxe4 {[%clk 0:11:27]} Qc6 {[%clk 0:18:37]}
32. Re7 {[%clk 0:04:51]} Rxa3 {[%clk 0:18:31]} 33. Qe1 {[%clk 0:04:00]} Rxg3+
{[%clk 0:09:04]} 34. Qxg3 {[%clk 0:04:23]} Qd5 {[%clk 0:09:12]} 35. Qe3 {[%clk
0:04:01]} Bc6 {[%clk 0:05:12]} 36. Re8+ {[%clk 0:04:23]} 1-0

[Event "Greek Team Championship"]
[Site "chess24.com"]
[Date "2017.07.06"]
[Round "5"]
[White "Sigkounas, Alkis"]
[Black "Papadopoulos, Nikolaos"]
[Result "0-1"]
[Board "4"]
[WhiteElo "1803"]
[WhiteCountry "GRE"]
[WhiteFideId "4238842"]
[WhiteEloChange "-2"]
[BlackElo "2216"]
[BlackCountry "GRE"]
[BlackFideId "4211596"]
[BlackEloChange "2"]

1. d4 {[%clk 1:30:57]} g6 {[%clk 1:28:50]} 2. c4 {[%clk 1:31:09]} Bg7 {[%clk
1:28:48]} 3. Nc3 {[%clk 1:31:26]} Nf6 {[%clk 1:27:35]} 4. e4 {[%clk 1:31:45]} d6
{[%clk 1:27:29]} 5. Nf3 {[%clk 1:32:03]} O-O {[%clk 1:26:24]} 6. Be2 {[%clk
1:32:10]} c5 {[%clk 1:23:40]} 7. O-O {[%clk 1:31:13]} Na6 {[%clk 1:19:51]} 8. Re1
{[%clk 1:19:57]} b6 {[%clk 1:02:58]} 9. d5 {[%clk 1:07:52]} Nc7 {[%clk 0:55:33]}
10. h3 {[%clk 1:03:07]} a6 {[%clk 0:48:41]} 11. Bg5 {[%clk 0:56:32]} b5 {[%clk
0:38:27]} 12. cxb5 {[%clk 0:38:08]} axb5 {[%clk 0:38:53]} 13. Bxb5 {[%clk
0:30:58]} Nxb5 {[%clk 0:36:45]} 14. Nxb5 {[%clk 0:31:04]} Rb8 {[%clk 0:22:39]}
15. a4 {[%clk 0:30:37]} Ba6 {[%clk 0:23:07]} 16. e5 {[%clk 0:19:29]} Bxb5 {[%clk
0:18:35]} 17. axb5 {[%clk 0:18:54]} dxe5 {[%clk 0:18:50]} 18. Nxe5 {[%clk
0:19:07]} Rxb5 {[%clk 0:10:55]} 19. Nc6 {[%clk 0:18:56]} Qd6 {[%clk 0:10:07]} 20.
Nxe7+ {[%clk 0:15:56]} Kh8 {[%clk 0:10:37]} 21. Qa4 {[%clk 0:15:34]} Rxb2 {[%clk
0:08:51]} 22. Qh4 {[%clk 0:08:22]} Rb4 {[%clk 0:08:15]} 23. g4 {[%clk 0:07:27]}
Nxd5 {[%clk 0:06:17]} 24. Nxd5 {[%clk 0:01:47]} Qxd5 {[%clk 0:06:23]} 25. Rad1
{[%clk 0:02:16]} Rd4 {[%clk 0:05:15]} 26. Rc1 {[%clk 0:01:28]} c4 {[%clk
0:04:56]} 27. Bf6 {[%clk 0:01:10]} Re4 {[%clk 0:03:34]} 28. Qh6 {[%clk 0:00:52]}
Rg8 {[%clk 0:03:02]} 29. g5 {[%clk 0:00:48]} Bxf6 {[%clk 0:00:44]} 30. gxf6
{[%clk 0:01:13]} Qf5 {[%clk 0:00:37]} 31. Rxe4 {[%clk 0:01:30]} Qxe4 {[%clk
0:00:37]} 32. Rd1 {[%clk 0:01:30]} Qf3 {[%clk 0:00:44]} 33. Rd4 {[%clk 0:01:40]}
Qxf6 {[%clk 0:01:13]} 34. Rxc4 {[%clk 0:01:42]} Rd8 {[%clk 0:01:15]} 35. Rf4
{[%clk 0:01:41]} Rd1+ {[%clk 0:01:15]} 36. Kh2 {[%clk 0:01:58]} Qd6 {[%clk
0:01:25]} 37. Kg2 {[%clk 0:01:41]} Qd5+ {[%clk 0:01:34]} 38. Rf3 {[%clk 0:00:45]}
Kg8 {[%clk 0:02:01]} 39. Qf4 {[%clk 0:01:03]} Rd3 {[%clk 0:01:06]} 40. Qb8+
{[%clk 0:30:39]} Kg7 {[%clk 0:31:35]} 41. Qg3 {[%clk 0:29:07]} Qxf3+ {[%clk
0:20:11]} 42. Qxf3 {[%clk 0:29:27]} Rxf3 {[%clk 0:20:33]} 43. Kxf3 {[%clk
0:29:56]} Kf6 {[%clk 0:20:34]} 44. Kf4 {[%clk 0:29:57]} g5+ {[%clk 0:18:46]} 45.
Kg4 {[%clk 0:30:19]} Kg6 {[%clk 0:18:43]} 46. f4 {[%clk 0:30:09]} gxf4 {[%clk
0:14:18]} 47. Kxf4 {[%clk 0:30:37]} Kh5 {[%clk 0:13:56]} 48. Kg3 {[%clk 0:30:58]}
Kg5 {[%clk 0:13:54]} 49. Kg2 {[%clk 0:27:26]} Kf4 {[%clk 0:14:08]} 50. Kf2 {[%clk
0:27:48]} f5 {[%clk 0:14:10]} 51. Kg2 {[%clk 0:28:12]} Ke3 {[%clk 0:14:30]} 52.
Kg3 {[%clk 0:27:30]} h5 {[%clk 0:14:12]} 53. h4 {[%clk 0:24:59]} Ke4 {[%clk
0:14:29]} 0-1

[Event "Greek Team Championship"]
[Site "chess24.com"]
[Date "2017.07.06"]
[Round "5"]
[White "Grafakou, Sotiria-Aphrodite"]
[Black "Gioutsou, Miranta"]
[Result "1/2-1/2"]
[Board "7"]
[WhiteElo "1695"]
[WhiteCountry "GRE"]
[WhiteFideId "4249879"]
[WhiteEloChange "-8"]
[BlackElo "1294"]
[BlackCountry "GRE"]
[BlackFideId "25838296"]
[BlackEloChange "8"]

1. d4 {[%clk 1:30:57]} Nf6 {[%clk 1:29:52]} 2. c4 {[%clk 1:31:10]} c5 {[%clk
1:30:17]} 3. d5 {[%clk 1:31:31]} e6 {[%clk 1:30:40]} 4. Nf3 {[%clk 1:27:59]} exd5
{[%clk 1:30:56]} 5. cxd5 {[%clk 1:28:23]} d6 {[%clk 1:31:19]} 6. Bf4 {[%clk
1:26:21]} g6 {[%clk 1:31:20]} 7. h3 {[%clk 1:26:19]} Bg7 {[%clk 1:31:26]} 8. Nc3
{[%clk 1:25:36]} O-O {[%clk 0:00:00]} 9. e3 {[%clk 1:25:34]} a6 {[%clk 1:30:56]}
10. a4 {[%clk 1:23:03]} Qe7 {[%clk 1:29:26]} 11. Bd3 {[%clk 1:20:53]} Nbd7 {[%clk
1:28:38]} 12. O-O {[%clk 1:17:47]} Nb6 {[%clk 1:25:52]} 13. Be2 {[%clk 1:17:10]}
Rd8 {[%clk 1:23:34]} 14. a5 {[%clk 1:12:01]} Nbd7 {[%clk 1:23:34]} 15. Nd2 {[%clk
1:12:01]} Ne5 {[%clk 1:23:22]} 16. Nc4 {[%clk 1:09:40]} Nxc4 {[%clk 1:23:39]} 17.
Bxc4 {[%clk 1:10:04]} Nd7 {[%clk 1:21:47]} 18. Qc2 {[%clk 1:03:37]} Ne5 {[%clk
1:21:23]} 19. Be2 {[%clk 1:03:45]} Bd7 {[%clk 1:17:40]} 20. Rfc1 {[%clk 1:00:14]}
Rac8 {[%clk 0:00:02]} 21. Rab1 {[%clk 0:55:52]} f5 {[%clk 1:12:41]} 22. Na4
{[%clk 0:54:15]} Bxa4 {[%clk 1:12:11]} 23. Qxa4 {[%clk 0:54:14]} Qf7 {[%clk
1:09:51]} 24. Qd1 {[%clk 0:51:20]} Rc7 {[%clk 1:02:32]} 25. b3 {[%clk 0:45:04]}
Rdc8 {[%clk 1:00:26]} 26. Bc4 {[%clk 0:44:23]} Rb8 {[%clk 0:55:19]} 27. Qd2
{[%clk 0:38:54]} Rcc8 {[%clk 0:55:19]} 28. Rc2 {[%clk 0:38:54]} Qc7 {[%clk
0:00:00]} 29. Rbc1 {[%clk 0:27:02]} b5 {[%clk 0:00:00]} 30. axb6 {[%clk 0:27:02]}
Rxb6 {[%clk 0:43:12]} 31. b4 {[%clk 0:22:19]} Qb7 {[%clk 0:40:10]} 32. bxc5
{[%clk 0:18:28]} Rxc5 {[%clk 0:40:15]} 33. Ba2 {[%clk 0:16:47]} Rxc2 {[%clk
0:37:54]} 34. Rxc2 {[%clk 0:15:20]} Nf7 {[%clk 0:35:56]} 35. Bc4 {[%clk 0:08:34]}
Ne5 {[%clk 0:33:18]} 36. Be2 {[%clk 0:03:52]} Nd7 {[%clk 0:29:32]} 37. Ra2 {[%clk
0:03:35]} Nc5 {[%clk 0:29:32]} 38. Qc2 {[%clk 0:03:35]} Qa7 {[%clk 0:21:35]} 39.
Kh2 {[%clk 0:01:43]} a5 {[%clk 0:00:00]} 40. f3 {[%clk 0:31:10]} a4 {[%clk
0:50:22]} 41. e4 {[%clk 0:27:47]} fxe4 {[%clk 0:49:03]} 42. fxe4 {[%clk 0:28:06]}
Qe7 {[%clk 0:45:10]} 43. Be3 {[%clk 0:24:03]} Rb4 {[%clk 0:41:34]} 44. Bxc5
{[%clk 0:21:17]} dxc5 {[%clk 0:41:56]} 45. Rxa4 {[%clk 0:21:13]} Rxa4 {[%clk
0:41:55]} 46. Qxa4 {[%clk 0:21:37]} Qe5+ {[%clk 0:41:10]} 47. Kh1 {[%clk
0:19:46]} Qa1+ {[%clk 0:41:10]} 48. Qxa1 {[%clk 0:19:46]} Bxa1 {[%clk 0:41:05]}
49. Kg1 {[%clk 0:19:39]} Be5 {[%clk 0:41:05]} 50. Kf2 {[%clk 0:19:39]} Kf7 {[%clk
0:41:32]} 51. Ke3 {[%clk 0:18:36]} Ke7 {[%clk 0:41:32]} 52. Kd3 {[%clk 0:18:36]}
Kd6 {[%clk 0:41:32]} 53. h4 {[%clk 0:18:36]} Bg3 {[%clk 0:41:32]} 54. h5 {[%clk
0:18:36]} gxh5 {[%clk 0:40:55]} 55. Bxh5 {[%clk 0:11:12]} h6 {[%clk 0:41:15]} 56.
Be2 {[%clk 0:10:46]} Bf4 {[%clk 0:41:28]} 57. Kc4 {[%clk 0:10:47]} Be3 {[%clk
0:41:46]} 58. Kb5 {[%clk 0:10:46]} Bg5 {[%clk 0:41:57]} 59. Bc4 {[%clk 0:10:45]}
Bf6 {[%clk 0:41:59]} 60. Kb6 {[%clk 0:10:00]} Bg5 {[%clk 0:42:13]} 61. e5+ {[%clk
0:09:52]} Kxe5 {[%clk 0:42:33]} 62. Kxc5 {[%clk 0:10:14]} Be7+ {[%clk 0:42:57]}
63. Kc6 {[%clk 0:10:30]} Ba3 {[%clk 0:43:10]} 64. Kd7 {[%clk 0:10:33]} Bb4 {[%clk
0:00:00]} 65. Ke8 {[%clk 0:10:29]} Kd6 {[%clk 0:43:38]} 66. Kf7 {[%clk 0:10:37]}
Bd2 {[%clk 0:43:36]} 67. Kg6 {[%clk 0:10:45]} Be3 {[%clk 0:43:57]} 68. Kf5 {[%clk
0:10:54]} Bc1 {[%clk 0:44:15]} 69. Kg6 {[%clk 0:11:20]} 1/2-1/2

[Event "Greek Team Championship"]
[Site "chess24.com"]
[Date "2017.07.06"]
[Round "5"]
[White "Bebis, Epaminondas-Alexandros"]
[Black "Gkikas, Vasilios"]
[Result "0-1"]
[Board "8"]
[WhiteElo "1514"]
[WhiteCountry "GRE"]
[WhiteFideId "4262930"]
[WhiteEloChange "-2"]
[BlackElo "1981"]
[BlackCountry "GRE"]
[BlackFideId "4256662"]
[BlackEloChange "2"]

1. e4 {[%clk 1:27:22]} c5 {[%clk 1:30:37]} 2. Nc3 {[%clk 1:26:06]} Nc6 {[%clk
1:30:10]} 3. Bb5 {[%clk 1:24:50]} g6 {[%clk 1:28:21]} 4. f4 {[%clk 1:20:58]} Bg7
{[%clk 1:24:51]} 5. Nf3 {[%clk 1:16:57]} Nh6 {[%clk 1:18:05]} 6. O-O {[%clk
1:14:31]} d6 {[%clk 1:12:46]} 7. Bxc6+ {[%clk 1:14:30]} bxc6 {[%clk 1:13:07]} 8.
d3 {[%clk 1:12:52]} f5 {[%clk 1:11:36]} 9. Qe1 {[%clk 1:03:02]} O-O {[%clk
1:09:07]} 10. e5 {[%clk 0:51:43]} Qc7 {[%clk 1:06:15]} 11. Rf2 {[%clk 0:46:19]}
Nf7 {[%clk 1:04:39]} 12. Re2 {[%clk 0:46:23]} Rb8 {[%clk 0:48:01]} 13. Kh1 {[%clk
0:37:31]} Nd8 {[%clk 0:35:22]} 14. h4 {[%clk 0:32:23]} Ne6 {[%clk 0:18:48]} 15.
Qg3 {[%clk 0:28:58]} Nd4 {[%clk 0:16:55]} 16. Nxd4 {[%clk 0:28:26]} cxd4 {[%clk
0:17:20]} 17. Nb1 {[%clk 0:28:27]} dxe5 {[%clk 0:15:58]} 18. fxe5 {[%clk
0:28:40]} e6 {[%clk 0:15:58]} 19. Nd2 {[%clk 0:24:58]} c5 {[%clk 0:11:58]} 20. b3
{[%clk 0:21:19]} f4 {[%clk 0:10:22]} 21. Qe1 {[%clk 0:20:43]} Rf5 {[%clk
0:10:24]} 22. Nc4 {[%clk 0:19:33]} f3 {[%clk 0:10:14]} 23. gxf3 {[%clk 0:19:02]}
Bb7 {[%clk 0:10:07]} 24. Re4 {[%clk 0:16:16]} Rxf3 {[%clk 0:09:31]} 25. Kg2
{[%clk 0:15:03]} Bxe4 {[%clk 0:09:46]} 26. Qxe4 {[%clk 0:15:16]} Rbf8 {[%clk
0:08:56]} 27. Bd2 {[%clk 0:14:34]} Rf2+ {[%clk 0:08:14]} 28. Kg3 {[%clk 0:13:32]}
Bxe5+ {[%clk 0:07:55]} 29. Qxe5 {[%clk 0:12:30]} R8f3+ {[%clk 0:08:00]} 30. Kg4
{[%clk 0:12:48]} h5+ {[%clk 0:08:26]} 0-1

[Event "Greek Team Championship"]
[Site "chess24.com"]
[Date "2017.07.06"]
[Round "5"]
[White "Gioutsos, Vasileios"]
[Black "Spanos, Dimitrios"]
[Result "0-1"]
[Board "10"]
[WhiteElo "1231"]
[WhiteCountry "GRE"]
[WhiteFideId "25832883"]
[WhiteEloChange "-7"]
[BlackElo "1353"]
[BlackCountry "GRE"]
[BlackFideId "25807846"]
[BlackEloChange "7"]

1. e4 {[%clk 1:30:30]} c5 {[%clk 1:29:25]} 2. Nf3 {[%clk 1:29:49]} e6 {[%clk
1:29:46]} 3. c3 {[%clk 1:29:34]} d5 {[%clk 1:30:06]} 4. exd5 {[%clk 1:29:16]}
exd5 {[%clk 1:30:23]} 5. d4 {[%clk 1:28:45]} Nc6 {[%clk 1:30:44]} 6. Bb5 {[%clk
1:28:36]} Be7 {[%clk 1:30:14]} 7. dxc5 {[%clk 1:28:04]} Bxc5 {[%clk 1:30:21]} 8.
O-O {[%clk 1:28:16]} Nf6 {[%clk 1:29:56]} 9. Nbd2 {[%clk 1:27:32]} O-O {[%clk
1:30:04]} 10. Nb3 {[%clk 1:27:16]} Bb6 {[%clk 1:27:35]} 11. Bg5 {[%clk 1:26:13]}
Be6 {[%clk 1:26:12]} 12. Nbd4 {[%clk 1:26:22]} Nxd4 {[%clk 1:19:24]} 13. Nxd4
{[%clk 1:26:29]} h6 {[%clk 1:19:30]} 14. Bh4 {[%clk 1:26:30]} Bc5 {[%clk
0:53:31]} 15. b4 {[%clk 1:21:54]} Be7 {[%clk 0:45:36]} 16. Re1 {[%clk 1:19:14]}
Ne4 {[%clk 0:41:05]} 17. Bxe7 {[%clk 1:18:21]} Qxe7 {[%clk 0:41:31]} 18. Qb3
{[%clk 1:14:08]} Qg5 {[%clk 0:20:31]} 19. Qb2 {[%clk 1:01:16]} Bh3 {[%clk
0:16:29]} 20. f3 {[%clk 0:58:59]} Nxc3 {[%clk 0:16:36]} 21. Kh1 {[%clk 0:57:36]}
Nxb5 {[%clk 0:16:12]} 22. Nxb5 {[%clk 0:57:53]} Be6 {[%clk 0:15:42]} 23. Nc7
{[%clk 0:57:53]} Rac8 {[%clk 0:14:39]} 24. Nxe6 {[%clk 0:56:57]} fxe6 {[%clk
0:15:07]} 25. Rxe6 {[%clk 0:57:08]} Rfe8 {[%clk 0:09:22]} 26. Rxe8+ {[%clk
0:56:40]} Rxe8 {[%clk 0:09:51]} 27. Qd4 {[%clk 0:56:34]} Re2 {[%clk 0:06:39]} 28.
g4 {[%clk 0:54:54]} Rd2 {[%clk 0:02:54]} 29. Qg1 {[%clk 0:53:00]} Qf4 {[%clk
0:03:07]} 30. Qg3 {[%clk 0:52:58]} Qxb4 {[%clk 0:02:20]} 31. Qb8+ {[%clk
0:50:59]} Kh7 {[%clk 0:02:46]} 32. Qxa7 {[%clk 0:51:12]} Qf4 {[%clk 0:02:43]} 0-1